One Word TV Shows (2000s) Quiz Stats

Quiz Updated Jan 27, 2016

Challenge
Share
Tweet
Score 0/25 Timer 04:00
1 Play Today
% Correct
Dex
98.1%
Myth
97.1%
Californ
96.9%
Surv
96.9%
Entour
96.7%
Num
96.6%
Scr
95.1%
2
95%
Comm
94.5%
NC
94.5%
Fire
94.3%
Psy
93.8%
Dead
92.7%
% Correct
Dam
91.5%
Cas
88.8%
Mo
88.5%
We
88.4%
Lo
87.2%
Med
87%
Her
86.6%
Fri
85.4%
Bo
84.9%
Ali
81.1%
Re
78.6%
Gl
78.1%

You're not logged in!

Compare scores with friends on all Sporcle quizzes.
Sign Up with Email
OR
Log In

You Might Also Like...

Show Comments

Extras

Top Quizzes Today


Score Distribution

Your Account Isn't Verified!

In order to create a playlist on Sporcle, you need to verify the email address you used during registration. Go to your Sporcle Settings to finish the process.